000 00765cam a2200241 4500
001 M85682
008 050897 1997 d h 1
020 _a0900953780
035 _a(Sirsi) u80102
041 0 _aeng
050 0 4 _a697 $2 18
110 2 _aChartered Institution of Building Services Engineers
_92360
245 0 0 _aCIBSE Guide E
_bfire engineering
260 _aLondon
_bCIBSE
_c1997
300 _a152p.
_bill.
_c30cm.
350 _a84
490 _aCIBSE Guide
_vE
520 _aSuperseeded by second edition (ISBN 1903287316). "Supersedes "CIBSE Guide B: Installation and Equipment Data" sB5 (ISBN 0900953306).
690 _aBlock management
_96220
690 _aMANAGEMENT-HEALTH AND SAFETY-FIRE SAFETY
942 _n0
948 _c05/08/1997
999 _c96590
_d96590